Essentials of nursing research / (Record no. 5756)

MARC details
000 -LEADER
fixed length control field 00822cam a2200277 a 4500
001 - CONTROL NUMBER
control field 443434
003 - CONTROL NUMBER IDENTIFIER
control field OSt
005 - DATE AND TIME OF LATEST TRANSACTION
control field 20170327155955.0
008 - FIXED-LENGTH DATA ELEMENTS--GENERAL INFORMATION
fixed length control field 820823s1983 nyu b 001 0 eng
010 ## - LIBRARY OF CONGRESS CONTROL NUMBER
LC control number 82010828
020 ## - INTERNATIONAL STANDARD BOOK NUMBER
International Standard Book Number 0826115950 (pbk.)
040 ## - CATALOGING SOURCE
Original cataloging agency DLC
Transcribing agency DLC
Modifying agency DLC
082 ## - DEWEY DECIMAL CLASSIFICATION NUMBER
Classification number WY 20.5
Item number N843e 1983
100 1# - MAIN ENTRY--PERSONAL NAME
Personal name Notter, Lucille E.
9 (RLIN) 11969
245 10 - TITLE STATEMENT
Title Essentials of nursing research /
Statement of responsibility, etc. Lucille E. Notter ; foreword by Barbara J. Stevens.
250 ## - EDITION STATEMENT
Edition statement 3rd ed.
260 ## - PUBLICATION, DISTRIBUTION, ETC. (IMPRINT)
Place of publication, distribution, etc. New York :
Name of publisher, distributor, etc. Springer Pub. Co.,
Date of publication, distribution, etc. 1983.
300 ## - PHYSICAL DESCRIPTION
Extent xiii, 178 p. ;
Dimensions 21 cm.
500 ## - GENERAL NOTE
General note Includes index.
504 ## - BIBLIOGRAPHY, ETC. NOTE
Bibliography, etc Bibliography: p. 147-166.
650 #0 - SUBJECT ADDED ENTRY--TOPICAL TERM
Topical term or geographic name as entry element Nursing
General subdivision Research.
9 (RLIN) 11685
650 #2 - SUBJECT ADDED ENTRY--TOPICAL TERM
Topical term or geographic name as entry element Nursing.
9 (RLIN) 135
650 #2 - SUBJECT ADDED ENTRY--TOPICAL TERM
Topical term or geographic name as entry element Research.
9 (RLIN) 3727
906 ## - LOCAL DATA ELEMENT F, LDF (RLIN)
a 7
b cbc
c orignew
d 1
e ocip
f 19
g y-gencatlg
942 ## - ADDED ENTRY ELEMENTS (KOHA)
Source of classification or shelving scheme Other/Generic Classification Scheme
Koha item type Open Shelf
Holdings
Withdrawn status Lost status Source of classification or shelving scheme Damaged status Not for loan Home library Current library Date acquired Source of acquisition Inventory number Total Checkouts Full call number Barcode Date last seen Price effective from Koha item type
    Other/Generic Classification Scheme     MUST Main Library MUST Main Library 27/03/2017   43   WY 20.5 N843e 1983 2017-0613 27/03/2017 27/03/2017 Open Shelf
    Other/Generic Classification Scheme     MUST Main Library MUST Main Library 27/03/2017   40   WY 20.5 N843e 1983 2017-0614 27/03/2017 27/03/2017 Open Shelf
    Other/Generic Classification Scheme     MUST Main Library MUST Main Library 27/03/2017   42   WY 20.5 N843e 1983 2017-0615 27/03/2017 27/03/2017 Open Shelf
    Other/Generic Classification Scheme     MUST Main Library MUST Main Library 27/03/2017   41   WY 20.5 N843e 1983 2017-0616 27/03/2017 27/03/2017 Open Shelf